| 000 | 00000nam##2200000za#4500 |
| 001 | 9.697680 |
| 003 | CaOODSP |
| 005 | 20250319162510 |
| 007 | cr ||||||||||| |
| 008 | 150407|2001||||xxc|||||o f|0| 0 eng|d |
| 040 | |aCaOODSP|beng |
| 043 | |an-cn--- |
| 086 | 1 |aA22-230/2001E-PDF |
| 110 | 1 |aCanada. |bAgriculture and Agri-Food Canada. |
| 245 | 10|aFarm financial programs, 2001-2002 |h[electronic resource] |
| 260 | |aOttawa - Ontario : |bAgriculture and Agri-Food Canada |cDecember 2001. |
| 300 | |a20p. |
| 500 | |aHistorical publication digitized by Agriculture and Agri-Food Canada. |
| 590 | |a13-17-Supp|b2013-07-25 |
| 690 | 07|aAgricultural assistance|2gcpds |
| 690 | 07|aAgricultural economics|2gcpds |
| 775 | 08|tProgrammes financiers pour l'agriculture, 2001-2002 |w(CaOODSP)9.641931 |
| 776 | 0#|tFarm financial programs, 2001-2002 |w(CaOODSP)9.648276 |
| 856 | 40|ahttp://publications.gc.ca|qPDF|s787 KB|uhttps://publications.gc.ca/collections/collection_2013/aac-aafc/agrhist/A22-230-2001-eng.pdf |
| 986 | |a2085 |